Caricamento...

The book of woman /

Dettagli Bibliografici
Autore principale: Osho
Natura: Printed Book
Lingua:English
Pubblicazione: Gurgaon : Penguin Ananda, 2013.
Soggetti:
LEADER 00703nam a22001697a 4500
008 160329t2013 ii ||||| |||| 00| 0 eng d
020 |a 9780143420613  |c Rs. 299.00 
082 |a 206 
100 |a Osho 
245 |a The book of woman /  |c Osho 
260 |a Gurgaon :  |b Penguin Ananda,  |c 2013. 
300 |a 226 p. ; 
653 |a Women  |a Spiritual life  |a Teachings  |a Osho, 1931-1990 
942 |c BK 
999 |c 277516  |d 277516 
952 |0 0  |1 0  |2 ddc  |4 0  |6 206_000000000000000_OSH_B  |7 0  |9 312129  |a PHL  |b PHL  |c ST1  |d 2016-03-29  |g 299.00  |i 5639  |l 1  |o 206 OSH/B  |p PHL5639  |r 2021-09-03  |s 2019-10-25  |y BK 
952 |0 0  |1 0  |2 ddc  |4 0  |6 299_930000000000000_OSH_B  |7 0  |9 423605  |a RUS  |b RUS  |c ST1  |d 2021-11-23  |l 0  |o 299.93 OSH/B  |p RUS8825  |r 2021-11-23  |w 2021-11-23  |y BK